000 00559nam a2200205Ia 4500
005 20250508170232.0
008 008 250505s9999 xx 000 0 eng d
020 _a978-93-91978-20-4
037 _aTextBook
040 _aFEDL
_beng
_cFEDL
041 _aeng
_2eng
084 _a001.42, SAN/R
_qFEDL
100 _aSansanwal D N
245 0 _aResearch methodology and applied statistics
260 _aDelhi, India
_bShipra
_c2020
300 _axi, 302p.
365 _aINR
_b1600
942 _cTB
_h001.42, SAN/R
999 _c1399955
_d1399955